| 000 | 00690nam a2200241 4500 | ||
|---|---|---|---|
| 001 | 47621 | ||
| 003 | BD-RjUL | ||
| 005 | 20211209054344.0 | ||
| 008 | 160809s1955 enka b 001 0 eng | ||
| 035 | _a(BD-RjUL)47740 | ||
| 035 | _a(OCoLC)270800 | ||
| 040 |
_aDLC _cOClU _dOCoLC _dUk _dDLC _dBD-RjUL _beng |
||
| 041 | _aeng | ||
| 082 |
_a338.52 _bLEP 1955 _223 |
||
| 100 | 1 | 1 |
_aLeftwich, Richard H. _9136785 |
| 245 | 1 | 4 |
_aThe price system and resource allocation / _cRichard H. Leftwich. |
| 260 |
_aNew York : _bRinehart & Company, _c1955 |
||
| 300 |
_a372 p. : _billus. _c22 cm. |
||
| 500 | _aIncludes Index | ||
| 650 | 0 |
_aPrices. _9136786 |
|
| 942 |
_2ddc _cBK |
||
| 999 |
_c47621 _d47621 |
||